000 00691cab a2200253 4500
001 ABS54952
008 090401t1996 xxu||||| |||| 00| 0 eng d
035 _a(Sirsi) u13329
041 _aeng
100 _aHigginson, A.
245 4 _aThe Euro countdown
260 _c1996
350 _a0
490 _aRetail Week
_v12 April 1996, 10-11(2)
520 _aLooks at the implications for retailers of a single European currency, with timetable for the changes.
650 _aCURRENCIES
650 _aEURODOLLAR
650 _aEUROPEAN CURRENCY
650 _aRETAILING
650 _aSINGLE EUROPEAN CURRENCY
690 _aEUROPE-SINGLE MARKET
942 _n0
948 _c04/03/1997
999 _c8589
_d8589